[Event "Hoogovens M-4K"]
[Site "Wijk aan Zee"]
[Date "1980.01.??"]
[Round "3"]
[White "Van der Sterren, Paul"]
[Black "Van Reek, Jan"]
[Result "1-0"]
[WhiteElo "2410"]
[BlackElo "2265"]
[PlyCount "47"]
[EventDate "1980.01.??"]
[EventType "tourn"]
[EventRounds "3"]
[EventCountry "NED"]
[EventCategory "6"]
[SourceTitle "EXT 2002"]
[Source "ChessBase"]
[SourceDate "2001.11.25"]
[SourceVersion "1"]
[SourceVersionDate "2001.11.25"]
[SourceQuality "1"]

1. d4 Nf6 2. c4 e6 3. Nc3 Bb4 4. a3 Bxc3+ 5. bxc3 c5 6. f3 d5 7. cxd5 exd5 8. e3 Nc6 9. Bd3 0-0 10. Ne2 Re8 11. 0-0 b6 12. Ng3 Be6 13. Ra2 Qd7 14. Raf2 h5 15. e4 h4 16. Ne2 dxe4 17. fxe4 Ng4 18. d5 Nxf2 19. Rxf2 Rad8 20. Nf4 c4 21. dxe6 fxe6 22. Qh5 Ne5 23. Qxe5 cxd3 24. Ng6 1-0

[Event "Hoogovens M-4K"]
[Site "Wijk aan Zee"]
[Date "1978.01.22"]
[Round "3"]
[White "Hartoch, Robert G"]
[Black "Van Reek, Jan"]
[Result "0-1"]
[WhiteElo "2405"]
[BlackElo "2335"]
[PlyCount "110"]
[EventDate "1978.01.20"]
[EventType "tourn"]
[EventRounds "3"]
[EventCountry "NED"]
[EventCategory "5"]
[SourceTitle "EXT 2002"]
[Source "ChessBase"]
[SourceDate "2001.11.25"]
[SourceVersion "1"]
[SourceVersionDate "2001.11.25"]
[SourceQuality "1"]

1. e4 e5 2. Nf3 Nc6 3. Bc4 d6 4. d4 Bg4 5. c3 Qe7 6. d5 Nd8 7. Be2 g6 8. c4 Bg7 9. Nc3 Nf6 10. Be3 0-0 11. h3 Bd7 12. g4 b6 13. Nd2 Ne8 14. Nf1 f5 15. gxf5 gxf5 16. exf5 Bxf5 17. Ng3 Bd7 18. Qd2 Nf6 19. 0-0-0 Nb7 20. Rdg1 Kh8 21. Bd3 Nc5 22. Bc2 e4 23. Bd4 Rg8 24. Re1 Rae8 25. Ncxe4 Nfxe4 26. Nxe4 Qh4 27. f3 Ref8 28. Rhg1 Qf4 29. Rxg7 Rxg7 30. Rg1 Qxd2+ 31. Kxd2 Nxe4+ 32. fxe4 Rff7 33. h4 Kg8 34. Rxg7+ Rxg7 35. Bxg7 Kxg7 36. Ke3 h6 37. b4 Kf6 38. Kf4 a5 39. bxa5 bxa5 40. c5 Be8 41. Bd1 Bg6 42. Bg4 Bf7 43. Bf5 Ke7 44. Bg4 Kf6 45. a3 Bg6 46. Bh3 Bf7 47. Bd7 Bh5 48. Bg4 Bf7 49. h5 Bg8 50. Bf5 Bf7 51. Bg6 Bxg6 52. hxg6 dxc5 53. g7 Kxg7 54. Ke5 c4 55. Kd4 h5 0-1

[Event "Hoogovens M-4K"]
[Site "Wijk aan Zee"]
[Date "1978.01.21"]
[Round "2"]
[White "Van Reek, Jan"]
[Black "Van Scheltinga, Theo D"]
[Result "1/2-1/2"]
[WhiteElo "2335"]
[BlackElo "2325"]
[PlyCount "81"]
[EventDate "1978.01.20"]
[EventType "tourn"]
[EventRounds "3"]
[EventCountry "NED"]
[EventCategory "5"]
[SourceTitle "EXT 2002"]
[Source "ChessBase"]
[SourceDate "2001.11.25"]
[SourceVersion "1"]
[SourceVersionDate "2001.11.25"]
[SourceQuality "1"]

1. d4 Nf6 2. c4 e6 3. Nc3 Bb4 4. e3 b6 5. Nge2 c5 6. a3 Ba5 7. f3 Bxc3+ 8. Nxc3 Nc6 9. Bd3 0-0 10. 0-0 e5 11. Nd5 Ba6 12. f4 e4 13. Nxf6+ Qxf6 14. Bxe4 Bxc4 15. Re1 d5 16. Bc2 cxd4 17. exd4 Rfe8 18. Be3 Re7 19. Qf3 Rae8 20. Qf2 h6 21. f5 Qd6 22. f6 Qxf6 23. Qxf6 gxf6 24. Kf2 Kg7 25. Bf5 Na5 26. Bg4 Bd3 27. Bf4 Rxe1 28. Rxe1 Rxe1 29. Kxe1 Nc4 30. Bc1 f5 31. Bd1 b5 32. Bb3 Nb6 33. Kf2 a5 34. Ke3 Be4 35. g3 a4 36. Bd1 Nc4+ 37. Kf4 Kf6 38. Be2 Nd6 39. Bd2 Bc2 40. Kf3 Be4+ 41. Kf2 1/2-1/2

[Event "Hoogovens M-4K"]
[Site "Wijk aan Zee"]
[Date "1978.01.20"]
[Round "1"]
[White "Bouwmeester, Hans"]
[Black "Van Reek, Jan"]
[Result "1-0"]
[WhiteElo "2420"]
[BlackElo "2335"]
[PlyCount "47"]
[EventDate "1978.01.20"]
[EventType "tourn"]
[EventRounds "3"]
[EventCountry "NED"]
[EventCategory "5"]
[SourceTitle "EXT 2002"]
[Source "ChessBase"]
[SourceDate "2001.11.25"]
[SourceVersion "1"]
[SourceVersionDate "2001.11.25"]
[SourceQuality "1"]

1. e4 e5 2. Nf3 Nc6 3. Bb5 a6 4. Ba4 d6 5. 0-0 Bd7 6. d4 Nf6 7. Bxc6 Bxc6 8. Nc3 exd4 9. Nxd4 Bd7 10. b3 Be7 11. Bb2 0-0 12. h3 c5 13. Nde2 Bc6 14. Ng3 Re8 15. Qf3 d5 16. Nxd5 Bxd5 17. Rad1 Bxe4 18. Nxe4 Qb6 19. Bxf6 gxf6 20. Rd7 Kh8 21. Ng3 Rab8 22. Re1 Bf8 23. Rxe8 Rxe8 24. Rxf7 1-0

[Event "NED Open-ch07 Reinbouw"]
[Site "Velp"]
[Date "1976.08.??"]
[Round "9"]
[White "Ree, Hans"]
[Black "Van Reek, Jan"]
[Result "1-0"]
[WhiteElo "2420"]
[BlackElo "2335"]
[PlyCount "59"]
[EventDate "1976.08.??"]
[EventType "swiss"]
[EventRounds "9"]
[EventCountry "NED"]
[SourceTitle "EXT 2002"]
[Source "ChessBase"]
[SourceDate "2001.11.25"]
[SourceVersion "1"]
[SourceVersionDate "2001.11.25"]
[SourceQuality "1"]

1. d4 Nf6 2. c4 e6 3. Nc3 Bb4 4. Bg5 h6 5. Bh4 c5 6. d5 g5 7. Bg3 Ne4 8. Be5 0-0 9. Qd3 f5 10. f3 Bxc3+ 11. Bxc3 Nxc3 12. Qxc3 Qf6 13. Qxf6 Rxf6 14. 0-0-0 e5 15. e3 d6 16. Ne2 f4 17. Nc3 Bf5 18. Bd3 Bxd3 19. Rxd3 Nd7 20. h4 gxh4 21. Rxh4 Rg6 22. Ne4 fxe3 23. Rxe3 Rd8 24. Ra3 a6 25. Rb3 b6 26. Rg4 Rxg4 27. fxg4 Kh7 28. Rf3 Rg8 29. Rf7+ Rg7 30. Rxd7 1-0